Umění a nová média /

Další autoři: Büscher, Barbara, 1954-, Flašar, Martin, 1979-, Horáková, Jana, 1971-, Macek, Petr, 1967-
Jazyk: Čeština
Angličtina
Vydáno: Brno : Masarykova univerzita, 2011
Vydání: Vyd. 1.
Témata:
Externí odkaz: Digitalizovaný dokument
Fyzický popis: 188 s. : il., 1 portrét, noty ; 21 cm
Language note: Část. anglický text, anglická resumé
Knihy
Uloženo v:
LEADER 02499nam a2200661 a 4500
001 nkc20122343368
003 CZ PrNK
005 20181031170650.0
007 ta
008 120326s2011 xr acg f 000 0 cze
015 |a cnb002343368 
020 |a 978-80-210-5639-8  |q (brož.) 
035 |a (OCoLC)794207989 
040 |a ABA001  |b cze 
041 0 |a cze  |a eng  |b eng 
072 7 |a 7.01/.09  |x Umění  |2 Konspekt  |9 21 
080 |a 72/76  |2 MRF 
080 |a 7.038.53  |2 MRF 
080 |a 789.983  |2 MRF 
080 |a 316.774  |2 MRF 
080 |a 004.92  |2 MRF 
080 |a 004.946  |2 MRF 
080 |a 72/76:004.92  |2 MRF 
080 |a (048.8:082)  |2 MRF 
245 0 0 |a Umění a nová média /  |c Barbara Büscher ... [et al.] 
250 |a Vyd. 1. 
260 |a Brno :  |b Masarykova univerzita,  |c 2011 
300 |a 188 s. :  |b il., 1 portrét, noty ;  |c 21 cm 
500 |a V tiráži jako autoři uvedeni: Martin Flašar, Jana Horáková, Petr Macek a kol. 
504 |a Obsahuje bibliografie a bibliografické odkazy 
546 |a Část. anglický text, anglická resumé 
650 0 7 |a umění  |7 ph116538  |2 czenas 
650 0 7 |a multimediální umění  |7 ph136779  |2 czenas 
650 0 7 |a elektronická hudba  |7 ph114446  |2 czenas 
650 0 7 |a masmédia  |7 ph115233  |2 czenas 
650 0 7 |a počítačová grafika  |7 ph124503  |2 czenas 
650 0 7 |a virtuální realita  |7 ph127114  |2 czenas 
650 0 7 |a počítačové umění  |7 ph414714  |2 czenas 
650 0 9 |a art  |2 eczenas 
650 0 9 |a multimedial art  |2 eczenas 
650 0 9 |a electronic music  |2 eczenas 
650 0 9 |a mass media  |2 eczenas 
650 0 9 |a computer graphics  |2 eczenas 
650 0 9 |a virtual reality  |2 eczenas 
650 0 9 |a computer art  |2 eczenas 
655 7 |a kolektivní monografie  |7 fd501537  |2 czenas 
655 9 |a collective monographs  |2 eczenas 
700 1 |a Büscher, Barbara,  |d 1954-  |7 mzk2008473128  |4 aut 
700 1 |a Flašar, Martin,  |d 1979-  |7 jo2007409397  |4 aut 
700 1 |a Horáková, Jana,  |d 1971-  |7 jo2004220579  |4 aut 
700 1 |a Macek, Petr,  |d 1967-  |7 ola2002144937  |4 aut 
856 4 1 |u http://www.digitalniknihovna.cz/mzk/uuid/uuid:57d01200-0c36-11e6-a7a2-005056827e52  |y Digitalizovaný dokument  |x NDK 
910 2 |a BOA001  |b 2-1281.464 
990 |a BK 
995 |a 01 
991 |b 201204  |c NOV  |j 7 UMĚ  |e n 
996 6 |b 2610505737  |c 2-1281.464  |l MZK  |r Sklad / do 1 hodiny  |n 41  |p p.v.  |w 001235493  |u 000010  |a 1  |e BOA001  |j MZK50  |s P 
996 7 |b 2610505738  |c 2-1281.464  |l Vol.výběr  |r VV 1p  |n 44  |p p.v.  |h 7 UMĚ  |w 001235493  |u 000020  |a 0  |e BOA001  |j MZK50  |s A